[Event "GBR-ch109 Over 65"]
[Site "Leicester"]
[Date "2023.07.30"]
[Round "7.14"]
[White "Matthews, Gabriel"]
[Black "Goodwin, Ed H"]
[Result "1/2-1/2"]
[WhiteElo "1783"]
[BlackElo "1824"]
[PlyCount "41"]
[EventDate "2023.07.24"]
[EventType "swiss"]
[EventRounds "7"]
[EventCountry "GBR"]
[SourceTitle "BritBase"]
[Source "John Saunders"]
[SourceDate "2025.01.31"]
[SourceVersion "1"]
[SourceVersionDate "2025.01.31"]
[SourceQuality "1"]

1. d4 e6 2. Nf3 f5 3. e3 Nf6 4. Be2 b6 5. O-O Bb7 6. c4 Be7 7. b3 O-O 8. Bb2 Ne4 9. Nfd2 d5 10. f3 Nxd2 11. Qxd2 Nd7 12. Nc3 Nf6 13. Rae1 a6 14. Bd3 Bd6 15. Qf2 Nh5 16. Bc2 c6 17. Bd1 Qe7 18. f4 Nf6 19. Qh4 Rae8 20. Bf3 Ne4 21. Qxe7 1/2-1/2

[Event "GBR-ch109 Over 65"]
[Site "Leicester"]
[Date "2023.07.30"]
[Round "7.15"]
[White "Burgess, Ray J"]
[Black "Spanton, Timothy R"]
[Result "1-0"]
[WhiteElo "1924"]
[BlackElo "1800"]
[PlyCount "109"]
[EventDate "2023.07.24"]
[EventType "swiss"]
[EventRounds "7"]
[EventCountry "GBR"]
[SourceTitle "BritBase"]
[Source "John Saunders"]
[SourceDate "2025.01.31"]
[SourceVersion "1"]
[SourceVersionDate "2025.01.31"]
[SourceQuality "1"]

1. d4 d5 2. Nf3 Nc6 3. Bf4 Bg4 4. e3 e6 5. Be2 Bd6 6. Bg3 h5 7. Nbd2 h4 8. Bxd6 cxd6 9. h3 Bf5 10. c3 Nf6 11. Qa4 Ne4 12. c4 dxc4 13. Bxc4 a6 14. d5 Nc5 15. Qa3 exd5 16. Bxd5 Nb4 17. Nd4 Qf6 18. Bf3 Nbd3+ 19. Kf1 O-O 20. Nxf5 Qxf5 21. b4 Qe5 22. Rb1 Nxf2 23. Kxf2 Qg3+ 24. Ke2 Ne6 25. Ne4 Qg6 26. Rhd1 Rad8 27. Rb2 Rfe8 28. Kf1 Nc7 29. Nf2 d5 30. Qd3 Qg5 31. Re2 Re6 32. Qd4 Nb5 33. Qf4 Qg6 34. Rc1 d4 35. exd4 Rxe2 36. Bxe2 Nxd4 37. Bd3 Ne6 38. Bxg6 Nxf4 39. Be4 b6 40. Rc6 Rb8 41. Ke1 f5 42. Bxf5 Nxg2+ 43. Ke2 Nf4+ 44. Kf3 Nh5 45. Rc8+ Rxc8 46. Bxc8 a5 47. bxa5 bxa5 48. Kg4 Nf6+ 49. Kxh4 Kf7 50. Bb7 g6 51. Ne4 Nd7 52. Bd5+ Kg7 53. Kg5 Ne5 54. Nc5 Kh7 55. Kf6 1-0

[Event "GBR-ch109 Over 65"]
[Site "Leicester"]
[Date "2023.07.30"]
[Round "7.16"]
[White "Fallowfield, Nicholas"]
[Black "Graham, Neil"]
[Result "1/2-1/2"]
[WhiteElo "1875"]
[BlackElo "1764"]
[PlyCount "24"]
[EventDate "2023.07.24"]
[EventType "swiss"]
[EventRounds "7"]
[EventCountry "GBR"]
[SourceTitle "BritBase"]
[Source "John Saunders"]
[SourceDate "2025.01.31"]
[SourceVersion "1"]
[SourceVersionDate "2025.01.31"]
[SourceQuality "1"]

1. Nf3 d5 2. c4 c6 3. g3 Nf6 4. Bg2 e6 5. O-O Nbd7 6. Qc2 Bd6 7. d3 O-O 8. Nbd2 Re8 9. e4 dxe4 10. dxe4 e5 11. Rd1 Qc7 12. Nf1 Nc5 1/2-1/2

[Event "GBR-ch109 Over 65"]
[Site "Leicester"]
[Date "2023.07.30"]
[Round "7.17"]
[White "Collinson, Mark I"]
[Black "Dennis, Nigel W"]
[Result "1-0"]
[WhiteElo "1865"]
[BlackElo "1803"]
[PlyCount "75"]
[EventDate "2023.07.24"]
[EventType "swiss"]
[EventRounds "7"]
[EventCountry "GBR"]
[SourceTitle "BritBase"]
[Source "John Saunders"]
[SourceDate "2025.01.31"]
[SourceVersion "1"]
[SourceVersionDate "2025.01.31"]
[SourceQuality "1"]

1. d4 Nf6 2. c4 g6 3. g3 Bg7 4. Bg2 d6 5. e4 O-O 6. Nc3 e5 7. Nge2 Nc6 8. d5 Ne7 9. O-O Ne8 10. f4 f5 11. fxe5 Bxe5 12. Bh6 Bg7 13. Bxg7 Nxg7 14. Qd4 c5 15. Qe3 fxe4 16. Rxf8+ Qxf8 17. Rf1 Qd8 18. Nxe4 Nef5 19. Qf4 Qe7 20. g4 Nh4 21. Nf6+ Kh8 22. Qh6 Ngf5 23. gxf5 Nxf5 24. Qxh7+ Qxh7 25. Nxh7 Kxh7 26. Nc3 Ne3 27. Re1 Nxc4 28. Re7+ Kg8 29. b3 Ne5 30. Nb5 Kf8 31. Rh7 Nf7 32. Nc7 Rb8 33. Ne6+ Kg8 34. Rg7+ Kh8 35. Rxf7 Bxe6 36. dxe6 Kg8 37. Bd5 Rf8 38. e7 1-0

[Event "GBR-ch109 Over 65"]
[Site "Leicester"]
[Date "2023.07.30"]
[Round "7.19"]
[White "Erdogan, Hassan"]
[Black "Willoughby, Robert H"]
[Result "1-0"]
[WhiteElo "1829"]
[BlackElo "1564"]
[PlyCount "67"]
[EventDate "2023.07.24"]
[EventType "swiss"]
[EventRounds "7"]
[EventCountry "GBR"]
[SourceTitle "BritBase"]
[Source "John Saunders"]
[SourceDate "2025.01.31"]
[SourceVersion "1"]
[SourceVersionDate "2025.01.31"]
[SourceQuality "1"]

1. d4 d5 2. Nf3 c6 3. e3 Nf6 4. Bd3 e6 5. Nbd2 Nbd7 6. O-O Be7 7. b3 O-O 8. Bb2 Re8 9. c4 c5 10. Qc2 b6 11. Rfe1 Bb7 12. Rac1 Rc8 13. Qb1 dxc4 14. bxc4 Qc7 15. h3 g6 16. Rcd1 Rcd8 17. g4 Bd6 18. g5 Nh5 19. Ne4 Bxe4 20. Bxe4 e5 21. d5 Nf8 22. Nh2 f5 23. gxf6 Nxf6 24. Kg2 Qf7 25. f3 N8d7 26. Rg1 Rf8 27. Rdf1 Qg7 28. Bd3 Qh6 29. Kh1 e4 30. Bxe4 Qxh3 31. f4 Nxe4 32. Qxe4 Rde8 33. Rxg6+ Kf7 34. Rg7# 1-0

[Event "GBR-ch109 Over 65"]
[Site "Leicester"]
[Date "2023.07.30"]
[Round "7.20"]
[White "Daniels, David W"]
[Black "Collins, Nigel"]
[Result "1-0"]
[WhiteElo "1655"]
[BlackElo "1458"]
[PlyCount "65"]
[EventDate "2023.07.24"]
[EventType "swiss"]
[EventRounds "7"]
[EventCountry "GBR"]
[SourceTitle "BritBase"]
[Source "John Saunders"]
[SourceDate "2025.01.31"]
[SourceVersion "1"]
[SourceVersionDate "2025.01.31"]
[SourceQuality "1"]

1. d4 Nf6 2. Nf3 g6 3. c4 Bg7 4. Nc3 d5 5. Bg5 c5 6. e3 Qa5 7. Qa4+ Qxa4 8. Nxa4 cxd4 9. Nxd4 Ne4 10. Bh4 Bd7 11. Nb5 Bxb5 12. cxb5 b6 13. Rc1 Nd7 14. b4 g5 15. Bg3 Nxg3 16. hxg3 O-O 17. Bd3 h6 18. Rc7 Ne5 19. Kd2 e6 20. Rhc1 Nxd3 21. Kxd3 Be5 22. R7c6 Rfd8 23. f4 gxf4 24. gxf4 Bd6 25. a3 Kg7 26. Nc3 Rac8 27. Ne2 Rxc6 28. bxc6 Rc8 29. Nd4 e5 30. Nf5+ Kf6 31. Nxd6 e4+ 32. Kd4 Rd8 33. c7 1-0